[Event "Foment Martinenc op-C 22nd"]
[Site "Barcelona"]
[Date "2022.06.11"]
[Round "8"]
[White "Sanz Prat, Javier"]
[Black "Font Tordera, Roc"]
[Result "0-1"]
[WhiteElo "1700"]
[BlackElo "1593"]
[PlyCount "114"]
[EventDate "2022.04.23"]
[EventType "swiss"]
[EventRounds "9"]
[EventCountry "ESP"]
[SourceTitle "EXT 2023"]
[Source "ChessBase"]
[SourceDate "2022.10.05"]
[SourceVersion "1"]
[SourceVersionDate "2022.10.05"]
[SourceQuality "1"]

1. d4 Nf6 2. Nf3 d5 3. e3 e6 4. Bd3 Bd6 5. Nbd2 0-0 6. Qe2 c5 7. c3 b6 8. e4 dxe4 9. Nxe4 Bb7 10. Nxf6+ Qxf6 11. Bg5 Bxf3 12. Qxf3 Qxf3 13. gxf3 a6 14. 0-0-0 Nd7 15. Rdg1 Kh8 16. h4 h6 17. Rh3 cxd4 18. cxd4 Rac8+ 19. Kb1 Rfe8 20. Bd2 b5 21. f4 Nf6 22. h5 Rcd8 23. Rh4 Bc7 24. Be3 Bb6 25. Bc2 Bxd4 26. Rh2 Bxe3 27. fxe3 Nd5 28. Rhg2 Rg8 29. Rg3 Nf6 30. Rh3 Rd5 31. Rgh1 Rd2 32. b4 Nd5 33. a3 Re2 34. e4 Nxf4 35. Rf3 e5 36. Kc1 Rc8 37. Kb1 Rcxc2 38. Rg1 Rb2+ 39. Kc1 Red2 40. Re1 Ne2+ 41. Rxe2 Rxe2 42. Kd1 Rh2 43. Kc1 Rbg2 44. Rf1 Rxh5 45. Rd1 Rh3 46. Rd2 Rxd2 47. Kxd2 Rxa3 48. Kc2 h5 49. Kb2 Rg3 50. Kc2 h4 51. Kd2 h3 52. Ke2 h2 53. Kf2 Rg1 54. Ke2 h1Q 55. Ke3 Qh3+ 56. Kf2 Rg2+ 57. Kf1 Qh1# 0-1